000 00628nam a22002057a 4500
003 0
005 20250919155624.0
008 250919b xxu||||| |||| 00| 0 eng d
020 _a979-8-88836-349-2
050 _aQH 581.2
_b.R58 2024
100 _aRivera, Natasha,
_eauthor.
245 _aCells :
_bstructure and function /
_cNatasha Rivera.
260 _aNew York, NY :
_bLarsen and Keller Education,
_c2024.
300 _aviii, 263 pages :
_bcolored illustrations ;
_c27 cm.
504 _aIncludes bibliographical references and index.
650 _aCytology.
650 _aCells.
650 _aBiology.
942 _2lcc
_cBK
999 _c368052
_d368052